| 000 | 004240000a22001570004500 | ||
|---|---|---|---|
| 090 |
_aAR _b03833 |
||
| 245 | 1 | 0 | _aEvolución de los sistemas de polinización de las plantas |
| 650 | 1 | 4 |
_aBotánica _9361 |
| 650 | 1 | 4 |
_aPolinización _994027 |
| 650 | 1 | 4 |
_aEcología _992250 |
| 650 | 1 | 4 |
_aEvolución vegetal _997650 |
| 041 | 0 | _aEspañol | |
| 100 | 1 |
_aKress, W. John _912027 |
|
| 942 | _cARTICULO | ||
| 773 | 1 |
_tPreprint _q1-24 _d1993 |
|
| 999 |
_c12868 _d12868 |
||